000 00977nam a2200169 4500
001 112410
003 ES-MaACL
005 20230906185526.0
007 t|
008 061121s1974 sp r ||||1| spa d
100 1 _aMuñoz García, Francisco.
_984422
245 1 0 _aCálculo teórico-práctico de los elementos y grupos del vehículo industrial y automóvil /
_cFrancisco Muñoz García.
260 _aMadrid :
_bDossat,
_c1974-1983.
300 _a4 v. :
_bil ;
_c22 cm.
505 8 _aContiene: Vol. I. Potencia y par motor. Reparto de cargas. Cálculo de chasis.- 252 p. Vol. II. Embragues de fricción. Caja de cambios. rboles de transmisión. Trenes epicicloidales.- 329 p. Vol. III. Sistema internacional de unidades . Frenos por tambor y disco. Suspensión...Dirección. Estabilidad en marcha.- 318 p. Vol. IV. Ejes propulsores. Diferenciales. Divisores de par mecánico. Eficacia de frenado. Estudio del frenómetro..316 p.
852 _aES-MaACL
_jL-11243-46
_bR.91813
999 _c112410
_d112410